000 00713nam a2200229 a 4500
001 BRL_185
005 20190320210627.0
008 720925s1969 mx-abh###b---#000-0#spa-#
040 _aDLC
_cOU
_dOCoLC
050 4 _aF1366
_b.G66 1969
100 1 _aGonzález Sánchez, Isabel
_923161
245 1 0 _aHaciendas y ranchos de Tlaxcala en 1712
_cintroducción, paleografía y notas por Isabel González Sánchez.
260 _aMéxico
_bINAH
_c1969
300 _a224 p.
_bil.
_c22 cm.
440 0 _aHistoria
_n21
_923162
500 _aAu260
504 _aBibliografia: p. 189-194
650 1 4 _aTenencia de la tierra
_xHistoria
_zMéxico
_923163
651 4 _aTlaxcala
_xHistoria
_923164
902 _aGRL
942 _2lcc
_cB
999 _c8998
_d8998